000 00440nam a2200169Ia 4500
003 LK-CoDNM
005 20230916115252.0
008 010623t1908 xxu||||| |||| 00| 1 eng d
040 _aLK-CoDNM
_dLK-CoDNM
_eLK-CoDNM
041 _aeng
080 _a12 B 2
245 _aThe Imperrial Gazetteer of India :
_bThe Indian Empire- II
260 _bOxford
_aLondon
_c1908
300 _bXXXV,573p,1map., 22 cm
650 _aHistory
942 _cBK
999 _c86808
_d86808